000 00762nam a2200217 a 4500
999 _c5151
_d5151
001 5151
003 BD-JhCC
005 20171209175858.0
008 171019s1973 bg ||||| |||| 00| 0 ben d
035 _a(BD-JhCC) 1458
040 _aBD-JhCC
_dBD-JhCC
041 _aben
082 _a330.95492
_bAZI 1973
100 _aরহমান, আজিজুর, মোহান্মদ
245 _aবাংলাদেশের অর্থনীতি (ফলিত অর্থনীতি) /
_cমোহান্মদ আজিজুর রহমান
260 _aঢাকা :
_bসাহিত্য কুটির,
_c১৯৭৩
300 _a380 p. :
_c22 cm
650 _aEconomic Condition
_zBangladesh
942 _2ddc
_cBK